000 00585cam a2200205 a 4500
001 3476496
003 GBCCL
005 20251127134522.0
008 930303s1992 nyub 00010 eng d
020 _a1585173x
035 _a(OCoLC)ocn702887777
035 _a3476496
040 _aCtY-D
_cCtY-D
082 _a220.5208
_bBIB
245 1 4 _aThe Holy Bible with Deuterocanonicals/Apocrypha :
_bContemporary English Version.
260 _aNew York :
_bAmerican Bible Society,
_c1995
300 _a1234 p. :
_bmaps ;
_c21 cm.
710 2 _aAmerican Bible Society.
_94489
942 _2ddc
_cREF
999 _c2194
_d2194